Statistics for Turkey Country Quiz

Click here to take the quiz!

General Stats

  • This quiz has been taken 32,975 times
    (18,357 since last reset)
  • The average score is 14 of 20

Answer Stats

HintAnswer% Correct
What is Turkey's most populous city?Istanbul
99%
What is the capital of Turkey?Ankara
97%
What Turkish empire was dissolved in 1923?Ottoman Empire
93%
What was the former name of that city?Constantinople / Byzantium
92%
Four seas that border TurkeyBlack Sea
91%
Four seas that border TurkeyMediterranean Sea
89%
What is the name for meat cooked on a vertical spit?Doner {Kebab}
79%
What is the second-largest ethnic group in Turkey?Kurds
76%
Four seas that border TurkeyAegean Sea
70%
What is the currency of Turkey?Turkish Lira
69%
What was the title of the person who ruled that empire?Sultan
69%
Who is considered the father of modern-day Turkey?Mustafa Kemal Atatürk
69%
What cube-shaped candy is made from chopped dates, nuts, and gel?Turkish {Delight}
68%
What is the Sultan Ahmed Mosque commonly known as?The {Blue} Mosque
56%
What is the highest mountain in Turkey?Mount Ararat
54%
What is the name of the peninsula on which most of Turkey is situated?Anatolia
53%
What seaside locale, formerly known as Smyrna, is the third largest city in Turkey?İzmir
52%
Four seas that border TurkeySea of Marmara
39%
What is the title of the leader of the Eastern Orthodox church - based in that city?Ecumenical Patriarch
33%
What does wearing a nazar amulet supposedly protect you from?The Evil Eye
24%

Score Distribution

Percentile by Number Answered

Percent of People with Each Score

Your Score History

You have not taken this quiz since the last reset